Electrical installation practice. (Record no. 145291)
[ view plain ]
| 000 -LEADER | |
|---|---|
| fixed length control field | 00652cam a22002417a 4500 |
| 008 - FIXED-LENGTH DATA ELEMENTS--GENERAL INFORMATION | |
| fixed length control field | |
| 020 ## - INTERNATIONAL STANDARD BOOK NUMBER | |
| International Standard Book Number | 0632025417 (pbk) : |
| Terms of availability | �7.95 : CIP confirmed |
| 049 ## - LOCAL HOLDINGS (OCLC) | |
| Holding library | MAIN |
| 090 ## - LOCALLY ASSIGNED LC-TYPE CALL NUMBER (OCLC); LOCAL CALL NUMBER (RLIN) | |
| Classification number (OCLC) (R) ; Classification number, CALL (RLIN) (NR) | TK3201 |
| Local cutter number (OCLC) ; Book number/undivided call number, CALL (RLIN) | MIL |
| 003 - CONTROL NUMBER IDENTIFIER | |
| control field | |
| 005 - DATE AND TIME OF LATEST TRANSACTION | |
| control field | 20230123133239.0 |
| 040 ## - CATALOGING SOURCE | |
| Transcribing agency | NUST |
| 100 1# - MAIN ENTRY--PERSONAL NAME | |
| Personal name | Miller, Henry A. |
| 245 10 - TITLE STATEMENT | |
| Title | Electrical installation practice. |
| 260 ## - PUBLICATION, DISTRIBUTION, ETC. | |
| Name of publisher, distributor, etc. | BSP Professional. |
| 300 ## - PHYSICAL DESCRIPTION | |
| Extent | [160] p. |
| 505 1# - FORMATTED CONTENTS NOTE | |
| Formatted contents note | Bk.2. 4th ed. 1990. |
| 653 ## - INDEX TERM--UNCONTROLLED | |
| Uncontrolled term | Electric equipment |
| 650 #0 - SUBJECT ADDED ENTRY--TOPICAL TERM | |
| Topical term or geographic name entry element | Electric engineering. |
| 700 1# - ADDED ENTRY--PERSONAL NAME | |
| Personal name | Puckering, R.D. |
| 907 ## - LOCAL DATA ELEMENT G, LDG (RLIN) | |
| a | .b10063390 |
| b | 20-04-12 |
| c | 17-04-03 |
| 942 ## - ADDED ENTRY ELEMENTS (KOHA) | |
| Koha item type | Ordinary Loan Books |
| Call number prefix | TK3201 |
| Call number suffix | MIL |
| Date last seen | Total Checkouts | Full call number | Barcode | Cost, replacement price | Price effective from | Koha item type | Lost status | Source of classification or shelving scheme | Damaged status | Not for loan | Collection | Withdrawn status | Home library | Current library | Shelving location | Date acquired | Cost, normal purchase price |
|---|---|---|---|---|---|---|---|---|---|---|---|---|---|---|---|---|---|
| 01/23/2023 | 3 | TK3201 MIL | 92003017008 | 80.00 | 01/23/2023 | BOOKS | LCC | NFIC | MAIN | MAIN | GEN | 01/23/2023 | 80.00 |